LEADER 01420nam a2200301 a 4500 001 000000144240 003 CaOOAMICUS 005 20150622144504.0 008 150622s1985 it u000 u ita r 040 $aPUL$bita 041 1 $aita$hger 100 1 $aLäpple, Alfred,$d1915-2013.$0(OLS)http://pul/name/24248 240 10$aKleine Geschichte der Katechese.$lItaliano.$0(OLS)http://pul/title/182507 245 10$aBreve storia della catechesi /$cAlfred Läpple ; introduzione all'edizione italiana, bibliografia e appendice Il movimento catechistico in Italia, di Roberto Lombardi. 260 $aBrescia :$bQueriniana,$c1985. 300 $a300 p. ;$c23 cm 490 1 $aStrumenti ;$v34 504 $aBibliografia in nota. 650 4$aCatechesi$xStoria.$0(OLS)http://pul/subject/20999 700 1 $aLombardi, Roberto,$d1951-.$tIl movimento catechistico in Italia.$0(OLS)http://pul/nameTitle/1853$0(OLS)http://pul/name/16503$0(OLS)http://pul/title/182508 830 0$aStrumenti (Queriniana) ;$v34.$0(OLS)http://pul/title/142 850 $aPUL 852 $aPUL$W1$xDP1 Fondo S. Lanza$y121$m3 D 86.34$j166307$qFondi$B166895$CPULBib$Z2$F166895 $HLan2349 $82 941 1 $a1 961 $aNota ms. di possesso: Sergio Lanza 996 $6245$aBreve storia della catechesi$9(OLS)http://pul/title/182506 996 $6260$aBrescia :$bQueriniana$9(OLS)http://pul/publisher/47906 LEADER 01673cam a2200349 a 4500 001 000000136097 003 CaOOAMICUS 005 20131105121046.0 008 131105s2011 enk b 000 u eng r 020 $a978-0-567-19667-5 040 $aPUL$bita 082 04$a225.6 245 00$aReading Acts today :$bessays in honour of loveday C.A. Alexander /$cedited by Steve Walton, Thomas E. Philips, Lloyd K. Pietersen, F. Scott Spencer. 260 $aLondon, New York :$bBloomsbury T&T Clark,$c2011. 300 $axxiii, 232 p. ;$c24 cm 490 1 $aLibrary of New Testament studies ;$v427 504 $aBibliografia p. [202]-217. 600 14$aAlexander, Loveday.$0(OLS)http://pul/subject/39856 630 04$aBiblia.$pN.T.$pActus apostolorum.$xCritica e interpretazione.$0(OLS)http://pul/subject/1725 700 1 $aWalton, Steve.$0(OLS)http://pul/name/87605 700 1 $aPhillips, Thomas E.$0(OLS)http://pul/name/87606 700 1 $aPietersen, Lloyd.$0(OLS)http://pul/name/87607 700 1 $aSpencer, F. Scott,$d1956-$0(OLS)http://pul/name/87608 830 0$aLibrary of New Testament studies ;$v427.$0(OLS)http://pul/title/158087 850 $aPUL 852 $aPUL$W1$xSL Religione 3$y85$m225. 6 COLL 1.427$j156876$qDDC 21$B156269$CPULBib$Z2$F156269 $H123152 $82 941 1 $a9 996 $6020$a978-0-567-19667-5$9(OLS)http://pul/number/153868 996 $6082$a225.6$9(OLS)http://pul/classification/1734 996 $6245$aReading Acts today :$bessays in honour of loveday C.A. Alexander$9(OLS)http://pul/title/172099 996 $6260$aLondon, New York :$bBloomsbury T&T Clark$9(OLS)http://pul/publisher/82359